Comentarios a la Ley de Orden Público / (Record no. 74278)

MARC details
000 -LEADER
campo de control de longitud fija 00494nam a2200169 i 4500
001 - NÚMERO DE CONTROL
campo de control 74278
003 - IDENTIFICADOR DE NÚMERO DE CONTROL
campo de control ES-MaACL
005 - FECHA Y HORA DE LA ÚLTIMA TRANSACCIÓN
campo de control 20230906172056.0
007 - CAMPO FIJO DE DESCRIPCIÓN FÍSICA--INFORMACIÓN GENERAL
campo de control de longitud fija t|
008 - DATOS DE LONGITUD FIJA--INFORMACIÓN GENERAL
campo de control de longitud fija 040916s1971 sp ||||1| spa d
100 1# - ENTRADA PRINCIPAL--NOMBRE DE PERSONA
Nombre de persona González Pérez, Jesús.
9 (RLIN) 58870
245 10 - MENCIÓN DEL TÍTULO
Título Comentarios a la Ley de Orden Público /
Mención de responsabilidad, etc. Jesús González Pérez.
260 ## - PUBLICACIÓN, DISTRIBUCIÓN, ETC.
Lugar de publicación, distribución, etc. Madrid :
Nombre del editor, distribuidor, etc. Abella,
Fecha de publicación, distribución, etc. 1971.
300 ## - DESCRIPCIÓN FÍSICA
Extensión 456 p. ;
Dimensiones 21 cm.
650 #4 - PUNTO DE ACCESO ADICIONAL DE MATERIA--TÉRMINO DE MATERIA
Término de materia o nombre geográfico como elemento de entrada Orden público-
Subdivisión geográfica España.
9 (RLIN) 154412
852 ## - LOCALIZACIÓN
Ubicación ES-MaACL
Número de control de estantería E-7750
Sublocalización o colección R.92057
Holdings
Estatus retirado Estado de pérdida Estado de daño No para préstamo Biblioteca de origen Biblioteca actual Ubicación en estantería Fecha de adquisición Fuente de adquisición Total de préstamos Signatura topográfica completa Código de barras Visto por última vez Precio de reemplazo Tipo de ítem Koha
        Biblioteca del Ateneo de Madrid Biblioteca del Ateneo de Madrid Depósito 2 17/01/2008     E-7750 1077752 23/02/2023 23/02/2023 Libro impreso